Sports Quiz

Random Sports or MLB Quiz

MLB Hit Leaders A-Z Quiz Stats

 Plays Quiz not verified by Sporcle

Challenge
Share
Tweet
Embed
Score 0/25 Timer 15:00
0 Plays Today
Last Name Letter Name % Correct
RPete Rose
93.2%
CTy Cobb
91.8%
AHank Aaron
90.4%
MStan Musial
80.8%
YCarl Yastrzemski
79.5%
JDerek Jeter
74%
WHonus Wagner
68.5%
GTony Gwynn
64.4%
BGeorge Brett
63%
HRickey Henderson
63%
KAl Kaline
63%
OMel Ott
63%
L Nap Lajoie
60.3%
Last Name Letter Name % Correct
STris Speaker
60.3%
PRafael Palmeiro
53.4%
TFrank Thomas
50.7%
EDwight Evans
43.8%
ZTodd Zeile
42.5%
QJoe Quinn
39.7%
IRaul Ibanez
37%
NGreg Nettles
35.6%
DAndre Dawson
32.9%
VOmar Vizquel
32.9%
FFrankie Frisch
31.5%
UDel Unser
15.1%

You're not logged in!

Compare scores with friends on all Sporcle quizzes.
OR
Log In

You Might Also Like...

Show Comments

Extras

Top Quizzes Today


Score Distribution

Your Account Isn't Verified!

In order to create a playlist on Sporcle, you need to verify the email address you used during registration. Go to your Sporcle Settings to finish the process.

Report this User

Report this user for behavior that violates our Community Guidelines.

Details: